MDQL
is popping MORE tags! Check the
thread
!
Quizzes
Events
Quiz Creation
Community
Videos
Private Events
Remove Ads
Sign In
Join for FREE
Feedback
Dark Mode
Quiz Categories
Sports
Geography
Music
Movies
Television
Just For Fun
Miscellaneous
History
Literature
Language
Science
Gaming
Entertainment
Religion
Holiday
For Kids
Quiz Lab
Recent
Popular Today
Quiz Kudos Today
Editor Picks
Curator Picks
Quizzes by...
Day
Popularity
Type
Ratings
Length
Year
Community
Subscriptions
Recent Discussions
Orange Saloon
Badges
Playlists
Quests
Create
Leaderboards
Showdown
Live 5
Trivia Bingo
Activity
Puzzle Library
Sporcle Events
Private Events
Virtual Trivia
Globe League
Become a Host
Pub Owners
SporcleCon
Opinionation
Our Games
Videos
Blog
Mobile Apps
Partnerships
Remove Ads and Go Orange
Feedback
Sports
Athletes
MLB
NBA
NHL
NFL
Soccer
Sports Teams
WWE
NCAA
Football
Premier League
Basketball
Baseball
Hockey
Golf
Tennis
Cricket
Rugby
Auto Racing
Olympics
World Cup
Sports
Athletes
MLB
NBA
NHL
NFL
Soccer
Sports Teams
WWE
NCAA
Football
Premier League
Basketball
Baseball
Hockey
Golf
Tennis
Cricket
Rugby
Auto Racing
Olympics
World Cup
Random Quiz
Search Sporcle
×
Quiz Lab
Quiz Lab
Sports
Basketball
Select answers by clicking on text or image buttons
Select answers by clicking on text or image buttons
Clickable
Best Score? Go Orange.
NBA Head Coaches by Teams (Clickable) Stats
Can you match each NBA head coach with the chain of teams he has coached?
By
Alasdair_Wilkins
8m
32 Questions
138 Plays
138 Plays
138 Plays
Comments
Comments
Give Quiz Kudos
Give Quiz Kudos
-
- Ratings
hide this ad
More Info
Forced Order
Answers have to be entered in order
Answers have to be entered in order
Random Order
Randomize order of answers
Randomize order of answers
Replay
Link that replays current quiz
Next Quiz
Link to next quiz in quiz playlist
You Got
0%
They Got
Avg Score
64%
Avg Friend Score
Upgrade to see
Score Distribution
Jump to the score distribution portion of the page
Score
0/32
Timer
08:00
0
Plays Today
% Correct
Gregg Popovich
89.9%
Doc Rivers
85.5%
Pat Riley
84.1%
Phil Jackson
83.3%
Rick Carlisle
81.2%
Flip Saunders
77.5%
Stan Van Gundy
77.5%
Jerry Sloan
76.8%
Mike D'Antoni
73.2%
Byron Scott
72.5%
Larry Brown
69.6%
Don Nelson
68.8%
Jeff Van Gundy
68.1%
Doug Collins
67.4%
Red Auerbach
66.7%
George Karl
66.7%
% Correct
Alvin Gentry
63%
Mike Dunleavy
60.9%
Scott Skiles
60.9%
P.J. Carlesimo
60.1%
Lenny Wilkens
60.1%
Bill Russell
57.2%
Rick Adelman
56.5%
Chuck Daly
55.8%
Jack Ramsay
55.8%
Cotton Fitzsimmons
52.2%
Mike Fratello
50%
Hubie Brown
47.8%
Bill Fitch
47.8%
Bernie Bickerstaff
45.7%
Doug Moe
42.8%
Dick Motta
37%
Quiz Playlist
Details
Report
Send in Message
Add To Playlist
More Info:
* = Interim BUF = Buffalo Braves CHB = Charlotte Bobcats KCK = Kansas City Kings NJN = New Jersey Nets NOH = New Orleans Hornets SEA = Seattle SuperSonics TRI = Tri-Cities Blackhawks WSB = Washington Bullets WSC = Washington Capitals
Clickable:
Select answers by clicking on text or image buttons
Forced Order:
Answers have to be entered in order
Random Order:
Randomize order of answers
Last Updated: Feb 16, 2017
Quiz Scoreboard
CHALLENGE
Sign Up to Join the Scoreboard
Show All
Scores
Hide
Comments
May contain spoilers
Recently Published
Colored Red Africa Blitz
by spor1
Geography
30s
Find the 'City' Movie
by crazypaving
Movies
60s
5x2 Blitz: Bands
by SL_Kpop136
Music
30s
More to Explore
Quiz From the Vault
Featured Blog Post
14 Easter Pick-up Lines to Find Eggs With
hide this ad
You Might Also Like...
Tags
Basketball Quiz
NBA Quiz
coach
Head Coach
NBA Teams
Today's Top Quizzes in Sports
Browse Sports
hide this ad
Today's Top Quizzes in Basketball
Browse Basketball
Top Contributed Quizzes in Sports
1
Les entraîneurs de l'OM et du PSG au 21e siècle
2
Les meilleurs buteurs des matchs entre le PSG et l’OM
3
Les joueurs passés par le PSG et l'OM
4
Players with Multiple 50 Home Run Seasons
5
2022 World Cup Stars
6
Criteria MLB: Left Handed Sluggers
7
NBA Logic Puzzle 2.0
8
MLB Players with Two .350 Batting Average Seasons
9
Top 10 NHL Goal Scorers of All Time
10
Les joueurs passés par le LOSC et le RC Lens
Explore More
Trending Topics
Kpop
Marvel
Disney
Harry Potter
NBA
Crossword
Anime
WWE
Soccer
Puzzle
Country
Song
NFL
The Office
Pokémon
hide this ad
More By:
Alasdair_Wilkins
Quiz
Plays
Rating
Category
Featured
Created
NFL Teams By 1st Super Bowl Appearance
44,654
4.62
Sports
Feb 7, 2010
Top 50 US Metro Areas Without Sports Teams
21,647
3.48
Sports
Feb 14, 2010
Five Sport Cities
12,674
3.75
Sports
Feb 13, 2010
Criteria Characters: The 13 Doctors of Doctor Who
7,611
3.36
Television
Apr 3, 2014
US Presidents by Middle Name(s)
2,912
4.29
History
Mar 19, 2010
Go to Creator's Profile
Score Distribution
Quiz Creator Spotlight
Alasdair_Wilkins
Follow
Send a Message
Quizzes Created
-
Created Quiz Play Count
-
More By This Creator
Popular Quizzes Today
1
Colored Red Africa Blitz
2
Find the 'City' Movie
3
Find the US States - No Outlines Minefield
4
5x2 Blitz: Bands
5
The Countries of the World
6
Find the US States
7
US States
8
Find the Countries of Europe - No Outlines Minefield
More Sports Quizzes
NFL Receiving 10,000 Yards, 80 TDs
Published
Trending Quizzes
Colored Red Europe Blitz I
Colored Red Europe Blitz II
Colored Red Africa Blitz II
Colored Red Europe Blitz III
Colored Red Africa Blitz III
Recently Updated
How Do You Spell That?
pecheneg
Godzilla Movies
pecheneg
Grab Bag: 4-10 Letters
pecheneg
2024 March Madness Bracket
pecheneg
Famous TV Couples
Peacemaker
Champions League XIs: Real Madrid
pecheneg
Largest US Cities 1790-2010
pecheneg
Rides in Walt Disney World
pecheneg
Most Oscar Losses (Acting)
pecheneg
Beyoncé Albums
pecheneg
Trending Topics
Marvel
NBA
Kpop
Harry Potter
Anime
Crossword
Disney
NFL
Song
Pokémon
The Office
Country
WWE
Puzzle
Soccer
Your Account Isn't Verified!
In order to create a playlist on Sporcle, you need to verify the email address you used during registration. Go to your
Sporcle Settings
to finish the process.
Report this User
Report this user for behavior that violates our
Community Guidelines
.
Details:
Send Report
Go to the Sporcle.com Mobile Site →
Comments